Capital Cities: Equidistant from Reykjavik and Wellington - Statistics

General Stats
  • This quiz has been taken 88 times
  • The average score is 13 of 20
Answer Stats
Rank Distance from Reykjavik Distance from Wellington Difference Capital City % Correct
20 11,405 10,004 1,401 Buenos Aires
83%
12 10,868 11,826 958 Pretoria
80%
5 8,820 9,245 425 Tokyo
78%
14 9,632 10,606 974 Lima
76%
18 11,384 10,097 1,287 Montevideo
75%
3 9,553 9,895 342 Hanoi
71%
8 10,927 11,414 487 Antananarivo
70%
7 10,390 10,873 483 Asuncion
70%
4 10,101 9,738 363 Bangkok
69%
9 11,046 11,604 558 Maputo
69%
17 10,500 9,225 1,275 Phnom Penh
68%
10 11,030 11,638 608 Mbabane
63%
1 9,749 9,899 150 Vientiane
63%
11 11,501 10,636 865 Port Louis
60%
16 9,311 10,531 1,220 Nay Pyi Taw
59%
6 9,620 9,168 452 Taipei
59%
2 11,217 11,496 279 Maseru
58%
15 9,881 10,927 1,046 Colombo
54%
19 10,678 12,032 1,354 Gaborone
53%
13 9,943 10,917 974 Sucre
51%
No matching quizzes found
Score Distribution
Percent of People with Each Score
Percentile by Number Answered
Your Score History
You have not taken this quiz